[Event "NB2 Toth Laszlo csoport"]
[Site "Morahalom"]
[Date "2024.12.15"]
[Round "4.1"]
[White "Parragi, Istvan"]
[Black "Nadj Hedjesi, Balind"]
[Result "0-1"]
[WhiteElo "1949"]
[BlackElo "2221"]
[PlyCount "100"]
[GameId "2123722179667924"]
[EventDate "2024.11.03"]
[EventType "team-tourn"]
[EventRounds "9"]
[EventCountry "HUN"]
[Source "chess.hu"]
[WhiteTeam "Bekesszentandras-KuTE"]
[BlackTeam "Morahalom"]
[WhiteTeamCountry "HUN"]
[BlackTeamCountry "HUN"]

1. c4 d6 2. Nc3 g6 3. d4 e5 4. dxe5 dxe5 5. Qxd8+ Kxd8 6. h4 h5 7. Nf3 f6 8. Bd2 c6 9. O-O-O Kc7 10. Ne4 Bf5 11. Ng3 Be6 12. Bc3 Nd7 13. e3 Nh6 14. Bd3 Ng4 15. Rdf1 Nc5 16. Be2 Bh6 17. Bd2 Rhd8 18. Kc2 a5 19. Nh2 Nxh2 20. Rxh2 b6 21. Rhh1 f5 22. Bc3 e4 23. Rd1 Nd3 24. Bxd3 exd3+ 25. Rxd3 Rxd3 26. Kxd3 Rd8+ 27. Kc2 Bxc4 28. Bf6 Rd7 29. b3 Bd5 30. Be5+ Kc8 31. Ne2 Bxg2 32. Rg1 Be4+ 33. Kc1 Bf8 34. Bb2 Bb4 35. Nc3 Be7 36. Rxg6 Bxh4 37. Nxe4 fxe4 38. Re6 Bxf2 39. Re8+ Kb7 40. Rxe4 h4 41. Re8 Rh7 42. Be5 Bxe3+ 43. Kd1 h3 44. Bh2 Bc5 45. a4 Rd7+ 46. Kc1 Rf7 47. Bb8 Rf1+ 48. Kd2 Rf2+ 49. Kd3 h2 50. Rh8 h1=Q 0-1

[Event "NB2 Toth Laszlo csoport"]
[Site "Morahalom"]
[Date "2024.12.15"]
[Round "4.2"]
[White "Tancik, Kristijan"]
[Black "Hajdu, Istvan"]
[Result "1/2-1/2"]
[WhiteElo "2185"]
[BlackElo "1903"]
[PlyCount "87"]
[GameId "2123722224601060"]
[EventDate "2024.11.03"]
[EventType "team-tourn"]
[EventRounds "9"]
[EventCountry "HUN"]
[Source "chess.hu"]
[WhiteTeam "Morahalom"]
[BlackTeam "Bekesszentandras-KuTE"]
[WhiteTeamCountry "HUN"]
[BlackTeamCountry "HUN"]

1. d4 d5 2. c4 c6 3. Nf3 Nf6 4. g3 h6 5. Bg2 Bf5 6. Nc3 e6 7. Qb3 b6 8. O-O Bd6 9. Nd2 O-O 10. e4 dxe4 11. Ndxe4 Nxe4 12. Nxe4 Bc7 13. Rd1 Qe7 14. Be3 a5 15. a3 Ra6 16. Nc3 Rc8 17. Rac1 g5 18. d5 exd5 19. cxd5 c5 20. d6 Bxd6 21. Nd5 Qe6 22. Re1 a4 23. Qb5 Qg6 24. Rcd1 Bd7 25. Qc4 Be6 26. Qc3 Bxd5 27. Rxd5 Ra7 28. Qd2 Bf8 29. Bxg5 Nc6 30. Be4 Qg7 31. Be3 Ne5 32. Qc2 Re7 33. Qxa4 Ng4 34. Bf5 Nxe3 35. fxe3 Rce8 36. Qb3 Re5 37. Rxe5 Qxe5 38. Bb1 Re6 39. Ba2 Rf6 40. Qc2 Bg7 41. Qe2 h5 42. Rf1 Rxf1+ 43. Kxf1 Qxb2 44. Qxb2 1/2-1/2

[Event "NB2 Toth Laszlo csoport"]
[Site "Morahalom"]
[Date "2024.12.15"]
[Round "4.3"]
[White "Kovacs, Tibor T."]
[Black "Sirotanovic, Obrad"]
[Result "0-1"]
[WhiteElo "1799"]
[BlackElo "2152"]
[PlyCount "92"]
[GameId "2123722262702068"]
[EventDate "2024.11.03"]
[EventType "team-tourn"]
[EventRounds "9"]
[EventCountry "HUN"]
[Source "chess.hu"]
[WhiteTeam "Bekesszentandras-KuTE"]
[BlackTeam "Morahalom"]
[WhiteTeamCountry "HUN"]
[BlackTeamCountry "HUN"]

1. d4 c5 2. d5 d6 3. c4 Nf6 4. Nc3 g6 5. e4 Bg7 6. h3 O-O 7. Nf3 e6 8. Be2 exd5 9. exd5 Bf5 10. O-O Ne4 11. Nxe4 Bxe4 12. Bd3 Bxf3 13. Qxf3 Nd7 14. Rb1 Qh4 15. Bf4 Be5 16. Bxe5 Nxe5 17. Qe4 Qxe4 18. Bxe4 Nxc4 19. Rfd1 Rfe8 20. Bd3 Nb6 21. Bb5 Re5 22. b3 Rxd5 23. Rxd5 Nxd5 24. Rb2 Nc7 25. Be2 Re8 26. Kf1 b6 27. Ke1 Kf8 28. Kd2 Ke7 29. b4 d5 30. bxc5 bxc5 31. Rb7 Kd6 32. Rxa7 Ra8 33. Rxa8 Nxa8 34. f4 c4 35. Bd1 d4 36. Ba4 Nc7 37. Bd1 Kc5 38. h4 Nd5 39. g3 Nc3 40. Bf3 Nxa2 41. h5 gxh5 42. Bxh5 f6 43. Bf7 Nc3 44. Bg8 Ne4+ 45. Kc2 d3+ 46. Kd1 h6 0-1

[Event "NB2 Toth Laszlo csoport"]
[Site "Morahalom"]
[Date "2024.12.15"]
[Round "4.4"]
[White "Skenderovic, Nikola"]
[Black "Mohay, Henrik"]
[Result "1-0"]
[WhiteElo "2193"]
[BlackElo "1754"]
[PlyCount "119"]
[GameId "2123722391296008"]
[EventDate "2024.11.03"]
[EventType "team-tourn"]
[EventRounds "9"]
[EventCountry "HUN"]
[Source "chess.hu"]
[WhiteTeam "Morahalom"]
[BlackTeam "Bekesszentandras-KuTE"]
[WhiteTeamCountry "HUN"]
[BlackTeamCountry "HUN"]

1. e4 c6 2. Nc3 d5 3. Nf3 dxe4 4. Nxe4 Nf6 5. Qe2 Nxe4 6. Qxe4 Be6 7. b3 Bd5 8. Qe2 Nd7 9. Bb2 c5 10. O-O-O e6 11. d4 Be7 12. dxc5 O-O 13. c6 bxc6 14. c4 Bxf3 15. Qxf3 Qc7 16. Bd3 Bf6 17. g3 Bxb2+ 18. Kxb2 Ne5 19. Qe4 Nxd3+ 20. Rxd3 Rfd8 21. Rhd1 c5 22. Rd7 Qb6 23. Qb7 Rf8 24. Qe4 Rad8 25. Qd3 Rb8 26. Qd6 g6 27. Qxb6 axb6 28. a4 Kg7 29. Rc7 Kf6 30. Rdd7 Rbd8 31. Kc3 Ke5 32. b4 Rxd7 33. Rxd7 f5 34. f4+ Ke4 35. Rd6 e5 36. Re6 cxb4+ 37. Kxb4 Kd4 38. fxe5 Rc8 39. Rd6+ Kxe5 40. Rxb6 g5 41. Rb7 h5 42. a5 f4 43. gxf4+ gxf4 44. a6 f3 45. Rf7 Kd4 46. Kb5 Ke3 47. a7 Ke2 48. Kb6 f2 49. Kb7 Rg8 50. a8=Q Rxa8 51. Kxa8 f1=Q 52. Rxf1 Kxf1 53. c5 Kg2 54. h4 Kg3 55. c6 Kxh4 56. c7 Kg3 57. c8=Q h4 58. Qc6 Kh2 59. Qc2+ Kg1 60. Qf5 1-0

[Event "NB2 Toth Laszlo csoport"]
[Site "Morahalom"]
[Date "2024.12.15"]
[Round "4.5"]
[White "Zsirmik, Zsombor"]
[Black "Solymosi, Andras"]
[Result "0-1"]
[WhiteElo "1750"]
[BlackElo "2176"]
[PlyCount "64"]
[GameId "2123722429392920"]
[EventDate "2024.11.03"]
[EventType "team-tourn"]
[EventRounds "9"]
[EventCountry "HUN"]
[Source "chess.hu"]
[WhiteTeam "Bekesszentandras-KuTE"]
[BlackTeam "Morahalom"]
[WhiteTeamCountry "HUN"]
[BlackTeamCountry "HUN"]

1. b3 Nf6 2. Bb2 g6 3. g3 Bg7 4. Bg2 O-O 5. e3 a5 6. a4 Na6 7. Ne2 d6 8. O-O e5 9. d4 e4 10. Nd2 d5 11. c4 c6 12. Ba3 Re8 13. Rb1 h5 14. h4 Ng4 15. Nf4 Bh6 16. Re1 Bxf4 17. exf4 e3 18. fxe3 Nxe3 19. Qf3 Bg4 20. Qf2 Nc2 21. Rxe8+ Qxe8 22. Bb2 Nab4 23. Bf1 Qe6 24. Nf3 Re8 25. Ne5 Bf5 26. Rd1 f6 27. Nd3 Ne3 28. Rd2 Nxf1 29. Nc5 Qe1 30. Qxe1 Rxe1 31. Rf2 Ne3+ 32. Kh2 Ng4+ 0-1

[Event "NB2 Toth Laszlo csoport"]
[Site "Morahalom"]
[Date "2024.12.15"]
[Round "4.6"]
[White "Molnar Gabor, Roland"]
[Black "Aczel-Szabo, Csongor"]
[Result "1-0"]
[WhiteElo "2056"]
[BlackElo "1674"]
[PlyCount "55"]
[GameId "2123722473539624"]
[EventDate "2024.11.03"]
[EventType "team-tourn"]
[EventRounds "9"]
[EventCountry "HUN"]
[Source "chess.hu"]
[WhiteTeam "Morahalom"]
[BlackTeam "Bekesszentandras-KuTE"]
[WhiteTeamCountry "HUN"]
[BlackTeamCountry "HUN"]

1. e4 e6 2. d4 d5 3. exd5 exd5 4. Nf3 Bd6 5. Bd3 Ne7 6. Nc3 c6 7. Bg5 f6 8. Bd2 Bf5 9. Qe2 Bxd3 10. Qxd3 Nd7 11. O-O-O Qc7 12. Kb1 O-O-O 13. Rhe1 Ng6 14. h4 Bf4 15. g3 Bxd2 16. Rxd2 Rhe8 17. Rde2 Rxe2 18. Rxe2 Ndf8 19. h5 Ne7 20. Nh4 Qd7 21. Na4 b6 22. Qa6+ Kb8 23. Nxb6 axb6 24. Qxb6+ Kc8 25. Qa6+ Kb8 26. Re3 Qg4 27. Rb3+ Kc7 28. Rb7+ 1-0

[Event "NB2 Toth Laszlo csoport"]
[Site "Morahalom"]
[Date "2024.12.15"]
[Round "4.7"]
[White "Szilagyi, Peter"]
[Black "Rankov, Boris"]
[Result "1/2-1/2"]
[WhiteElo "1707"]
[BlackElo "2012"]
[PlyCount "31"]
[GameId "2123722519472184"]
[EventDate "2024.11.03"]
[EventType "team-tourn"]
[EventRounds "9"]
[EventCountry "HUN"]
[Source "chess.hu"]
[WhiteTeam "Bekesszentandras-KuTE"]
[BlackTeam "Morahalom"]
[WhiteTeamCountry "HUN"]
[BlackTeamCountry "HUN"]

1. b3 d5 2. Bb2 Nf6 3. e3 g6 4. Nf3 Bg7 5. c4 c6 6. Be2 O-O 7. O-O Bg4 8. h3 Bxf3 9. Bxf3 e6 10. Qc2 Nbd7 11. d4 Rc8 12. Nc3 Re8 13. Rfe1 e5 14. Be2 Qc7 15. Rac1 a6 16. Qd1 1/2-1/2

[Event "NB2 Toth Laszlo csoport"]
[Site "Morahalom"]
[Date "2024.12.15"]
[Round "4.8"]
[White "Balla, Tibor"]
[Black "Tari, Janos"]
[Result "1/2-1/2"]
[WhiteElo "1999"]
[BlackElo "1704"]
[PlyCount "55"]
[GameId "2123722559776840"]
[EventDate "2024.11.03"]
[EventType "team-tourn"]
[EventRounds "9"]
[EventCountry "HUN"]
[Source "chess.hu"]
[WhiteTeam "Morahalom"]
[BlackTeam "Bekesszentandras-KuTE"]
[WhiteTeamCountry "HUN"]
[BlackTeamCountry "HUN"]

1. e4 c5 2. c3 e5 3. Nf3 Nc6 4. d3 h6 5. Be2 Nf6 6. O-O d6 7. h3 Be6 8. Na3 a6 9. Nc2 Qc7 10. Ne3 O-O-O 11. b3 d5 12. exd5 Nxd5 13. Nxd5 Bxd5 14. Qc2 f5 15. Bb2 Rg8 16. a3 g5 17. Nd2 g4 18. h4 Be7 19. c4 Be6 20. g3 f4 21. Rfd1 Nd4 22. Bxd4 exd4 23. Ne4 fxg3 24. fxg3 Bf5 25. Kg2 h5 26. Rd2 Qc6 27. Kh2 Qc7 28. Kg2 1/2-1/2

[Event "NB2 Toth Laszlo csoport"]
[Site "Morahalom"]
[Date "2024.12.15"]
[Round "4.9"]
[White "Fulajtar, Istvan"]
[Black "Varga, Gabor"]
[Result "0-1"]
[WhiteElo "1674"]
[BlackElo "1998"]
[PlyCount "64"]
[GameId "2123722603464792"]
[EventDate "2024.11.03"]
[EventType "team-tourn"]
[EventRounds "9"]
[EventCountry "HUN"]
[Source "chess.hu"]
[WhiteTeam "Bekesszentandras-KuTE"]
[BlackTeam "Morahalom"]
[WhiteTeamCountry "HUN"]
[BlackTeamCountry "HUN"]

1. e4 c5 2. Nf3 e6 3. Nc3 a6 4. d4 cxd4 5. Nxd4 Qc7 6. Be2 Nf6 7. O-O Bb4 8. Qd3 b5 9. Bd2 Bb7 10. f3 Bc5 11. Be3 d5 12. Nb3 Bxe3+ 13. Qxe3 b4 14. e5 bxc3 15. exf6 cxb2 16. fxg7 bxa1=Q 17. Rxa1 Rg8 18. Nc5 Rxg7 19. Rb1 Bc6 20. Qh6 Rg6 21. Qxh7 Qe5 22. Bd3 Qd4+ 23. Kh1 Qxc5 24. Bxg6 fxg6 25. Qxg6+ Kd7 26. h4 Kc7 27. Qf7+ Nd7 28. Qxe6 Rh8 29. Qg4 Qc4 30. Qg3+ Kc8 31. a3 Rxh4+ 32. Kg1 Qd4+ 0-1

[Event "NB2 Toth Laszlo csoport"]
[Site "Morahalom"]
[Date "2024.12.15"]
[Round "4.10"]
[White "Farkas, Sandor"]
[Black "Cseleszki, Gabor"]
[Result "1-0"]
[WhiteElo "1910"]
[BlackElo "1739"]
[PlyCount "53"]
[GameId "2123722641455208"]
[EventDate "2024.11.03"]
[EventType "team-tourn"]
[EventRounds "9"]
[EventCountry "HUN"]
[Source "chess.hu"]
[WhiteTeam "Morahalom"]
[BlackTeam "Bekesszentandras-KuTE"]
[WhiteTeamCountry "HUN"]
[BlackTeamCountry "HUN"]

1. b4 e5 2. Bb2 d6 3. Nf3 Bd7 4. e3 Be7 5. Be2 Nf6 6. O-O O-O 7. c4 a6 8. a4 Nc6 9. b5 axb5 10. axb5 Rxa1 11. Bxa1 e4 12. Nd4 Nxd4 13. Bxd4 c6 14. Qb3 cxb5 15. cxb5 Be6 16. Qb2 Qd7 17. Nc3 Rc8 18. Na4 Qd8 19. Nb6 Rb8 20. Ra1 Ne8 21. d3 d5 22. Ra7 Bf6 23. Na4 Ra8 24. b6 Bxd4 25. Qxd4 Nd6 26. dxe4 dxe4 27. Qxd6 1-0

[Event "NB2 Toth Laszlo csoport"]
[Site "Morahalom"]
[Date "2024.12.15"]
[Round "4.11"]
[White "Goblyos, Emma"]
[Black "Milenkovic, Anastazija"]
[Result "1/2-1/2"]
[WhiteElo "1478"]
[BlackElo "1673"]
[PlyCount "62"]
[GameId "2123722696616056"]
[EventDate "2024.11.03"]
[EventType "team-tourn"]
[EventRounds "9"]
[EventCountry "HUN"]
[Source "chess.hu"]
[WhiteTeam "Bekesszentandras-KuTE"]
[BlackTeam "Morahalom"]
[WhiteTeamCountry "HUN"]
[BlackTeamCountry "HUN"]

1. d4 d5 2. c4 e6 3. a3 Nf6 4. Nc3 Be7 5. Bg5 Nbd7 6. e3 O-O 7. Nf3 h6 8. Bf4 c6 9. cxd5 exd5 10. h3 Re8 11. Bd3 b6 12. Rc1 Bb7 13. O-O Rc8 14. Bf5 Ra8 15. Bxd7 Nxd7 16. Ne5 Nxe5 17. Bxe5 c5 18. dxc5 Bxc5 19. Bd4 Be7 20. Nb5 Bd6 21. Qb3 Qd7 22. Nxd6 Qxd6 23. Rc3 Rac8 24. Rfc1 Qe6 25. Rxc8 Rxc8 26. Rxc8+ Qxc8 27. Qc3 Qxc3 28. Bxc3 g6 29. g3 Kf8 30. Kf1 Ke7 31. Ke2 Ke6 1/2-1/2

[Event "NB2 Toth Laszlo csoport"]
[Site "Gyula"]
[Date "2024.12.15"]
[Round "4.1"]
[White "Csvila, Gabor"]
[Black "Fekete, Albert"]
[Result "0-1"]
[WhiteElo "2125"]
[BlackElo "2083"]
[PlyCount "80"]
[GameId "2123390189430108"]
[EventDate "2024.11.03"]
[EventType "team-tourn"]
[EventRounds "9"]
[EventCountry "HUN"]
[Source "chess.hu"]
[WhiteTeam "Neumann J. Egyetem"]
[BlackTeam "Gyulai SE"]
[WhiteTeamCountry "HUN"]
[BlackTeamCountry "HUN"]

1. d4 Nf6 2. c4 c5 3. d5 e5 4. Nc3 d6 5. e4 g6 6. Bg5 Bg7 7. f3 h6 8. Be3 O-O 9. Bd3 Na6 10. a3 Nh5 11. Nge2 Qh4+ 12. Bf2 Qg5 13. g4 Nf4 14. Nxf4 exf4 15. Qd2 Be5 16. h4 Qe7 17. g5 h5 18. Ne2 f5 19. gxf6 Qxf6 20. Nc3 Bd7 21. Ke2 Nc7 22. a4 Na6 23. Rag1 Kh7 24. Rg5 Rg8 25. Rhg1 Nb4 26. Bb1 b6 27. Kd1 a6 28. Ke2 Rab8 29. Rc1 Rg7 30. b3 Be8 31. Na2 Nxa2 32. Qxa2 b5 33. axb5 axb5 34. Bd3 bxc4 35. Bxc4 Bb5 36. Rc2 Rgb7 37. Kf1 Qg7 38. Rg1 Ra7 39. Kg2 Rxa2 40. Rxa2 Bxc4 0-1

[Event "NB2 Toth Laszlo csoport"]
[Site "Gyula"]
[Date "2024.12.15"]
[Round "4.2"]
[White "Oltean, Cristian-Daniel"]
[Black "Lorinc, Sandor"]
[Result "1/2-1/2"]
[WhiteElo "2111"]
[BlackElo "2126"]
[PlyCount "108"]
[GameId "2123390232302956"]
[EventDate "2024.11.03"]
[EventType "team-tourn"]
[EventRounds "9"]
[EventCountry "HUN"]
[Source "chess.hu"]
[WhiteTeam "Gyulai SE"]
[BlackTeam "Neumann J. Egyetem"]
[WhiteTeamCountry "HUN"]
[BlackTeamCountry "HUN"]

1. e4 c5 2. Nf3 Nc6 3. d4 cxd4 4. Nxd4 Nf6 5. Nc3 e6 6. Ndb5 d6 7. Bf4 e5 8. Bg5 a6 9. Na3 Be7 10. Nc4 Nd4 11. Bxf6 Bxf6 12. Nd5 b5 13. Ncb6 Rb8 14. Nxc8 Rxc8 15. c3 Ne6 16. a4 O-O 17. axb5 axb5 18. Bxb5 Rb8 19. Qe2 Nf4 20. Nxf4 exf4 21. c4 Bd4 22. O-O Qf6 23. Ra2 Qe5 24. Rd1 Ra8 25. Rxa8 Rxa8 26. b3 Ra3 27. Qd3 Ra2 28. Rd2 Ra1+ 29. Rd1 Ra2 30. Rd2 Rxd2 31. Qxd2 Qxe4 32. Qd1 Bc5 33. Kf1 g6 34. Bd7 h5 35. Ba4 Kg7 36. Qe2 Qb1+ 37. Qe1 Qd3+ 38. Qe2 Qb1+ 39. Qe1 Qb2 40. Qe2 Qd4 41. g3 fxg3 42. hxg3 h4 43. gxh4 Qxh4 44. Qf3 Qe7 45. Bc6 Qe5 46. Bd5 f5 47. Qe2 Qa1+ 48. Kg2 Qf6 49. Qe6 Qg5+ 50. Kf1 Qf4 51. Qe2 Kh6 52. Qf3 Qd4 53. Kg2 Kg5 54. Qe2 Qe5 1/2-1/2

[Event "NB2 Toth Laszlo csoport"]
[Site "Gyula"]
[Date "2024.12.15"]
[Round "4.3"]
[White "Abel, Lajos"]
[Black "Tamas, Kornel"]
[Result "1-0"]
[WhiteElo "2178"]
[BlackElo "1989"]
[PlyCount "77"]
[GameId "2123390273586556"]
[EventDate "2024.11.03"]
[EventType "team-tourn"]
[EventRounds "9"]
[EventCountry "HUN"]
[Source "chess.hu"]
[WhiteTeam "Neumann J. Egyetem"]
[BlackTeam "Gyulai SE"]
[WhiteTeamCountry "HUN"]
[BlackTeamCountry "HUN"]

1. d4 Nf6 2. Nf3 e6 3. Bf4 d5 4. e3 c5 5. c3 Nc6 6. Nbd2 Bd6 7. Bg3 O-O 8. Bd3 b6 9. Ne5 Bb7 10. f4 Ne7 11. Qf3 Nf5 12. Bf2 g6 13. g4 Ng7 14. Bh4 Be7 15. Rg1 Nxg4 16. Bxe7 Nxe5 17. fxe5 Qxe7 18. Qh3 f6 19. Nf3 f5 20. Ng5 Ne8 21. Kd2 Nc7 22. Raf1 Bc6 23. Rf4 Rf7 24. Nxf7 Qxf7 25. Qh6 Qg7 26. Qxg7+ Kxg7 27. h4 h6 28. Rf2 Kf7 29. b3 a5 30. Rb1 Rd8 31. Rg1 Ra8 32. Rfg2 Rg8 33. Be2 Be8 34. Rxg6 Rxg6 35. Bh5 Kg7 36. Bxg6 Bxg6 37. h5 Ne8 38. Rxg6+ Kf7 39. Rxh6 1-0

[Event "NB2 Toth Laszlo csoport"]
[Site "Gyula"]
[Date "2024.12.15"]
[Round "4.4"]
[White "Gombos, Janos"]
[Black "Szekeres, Janos"]
[Result "1/2-1/2"]
[WhiteElo "1979"]
[BlackElo "2026"]
[PlyCount "114"]
[GameId "2123390311777686"]
[EventDate "2024.11.03"]
[EventType "team-tourn"]
[EventRounds "9"]
[EventCountry "HUN"]
[Source "chess.hu"]
[WhiteTeam "Gyulai SE"]
[BlackTeam "Neumann J. Egyetem"]
[WhiteTeamCountry "HUN"]
[BlackTeamCountry "HUN"]

1. e4 c5 2. Nf3 g6 3. d4 cxd4 4. Nxd4 Nc6 5. Be3 Nf6 6. Nc3 Bg7 7. Qd2 O-O 8. Be2 d5 9. exd5 Nxd5 10. Nxd5 Qxd5 11. Bf3 Qd7 12. Nxc6 bxc6 13. Qxd7 Bxd7 14. O-O-O Rfd8 15. Rxd7 Bxb2+ 16. Kxb2 Rab8+ 17. Kc1 Rxd7 18. Bxc6 Rdd8 19. Ba4 a5 20. Rd1 Rxd1+ 21. Kxd1 Rb4 22. Bc6 e5 23. a4 f5 24. Bd5+ Kg7 25. Bb3 Kf6 26. Bd2 Rg4 27. g3 f4 28. Bxa5 fxg3 29. hxg3 h5 30. Bb6 g5 31. Ke2 h4 32. Kf3 Rb4 33. gxh4 Rxb6 34. hxg5+ Kf5 35. Ke3 Rc6 36. g6 Rxg6 37. Bd5 Ra6 38. Be4+ Kg5 39. c4 Rxa4 40. c5 Ra3+ 41. Kd2 Kf6 42. c6 Ke6 43. f3 Kd6 44. Ke2 Kc7 45. Kf2 Kd6 46. Kg3 Ra8 47. Kf2 Kc5 48. Ke3 Ra3+ 49. Kd2 Kd4 50. Kc2 Re3 51. Kd2 Rc3 52. Ke2 Ra3 53. Kf2 Ra1 54. Kg3 Rg1+ 55. Kf2 Rg7 56. Ke2 Rg2+ 57. Kd1 Rg7 1/2-1/2

[Event "NB2 Toth Laszlo csoport"]
[Site "Gyula"]
[Date "2024.12.15"]
[Round "4.5"]
[White "Andriska, Zsolt"]
[Black "Campeanu, Alin-Vivian"]
[Result "1-0"]
[WhiteElo "2024"]
[BlackElo "1892"]
[PlyCount "101"]
[GameId "2123390351676838"]
[EventDate "2024.11.03"]
[EventType "team-tourn"]
[EventRounds "9"]
[EventCountry "HUN"]
[Source "chess.hu"]
[WhiteTeam "Neumann J. Egyetem"]
[BlackTeam "Gyulai SE"]
[WhiteTeamCountry "HUN"]
[BlackTeamCountry "HUN"]

1. e4 c6 2. d4 d5 3. e5 c5 4. c3 Nc6 5. Be3 Nh6 6. a3 Nf5 7. b4 cxb4 8. cxb4 Nxe3 9. fxe3 g6 10. Nf3 Bh6 11. Qd2 O-O 12. Bb5 Qb6 13. Nc3 Be6 14. O-O Rac8 15. Ba4 Rfd8 16. Ne2 Bg4 17. h3 Bxf3 18. Rxf3 e6 19. Raf1 Rc7 20. Bxc6 Qxc6 21. Qe1 Qc2 22. Qh4 Rdd7 23. Rc1 Qxe2 24. Rxc7 Bxe3+ 25. Kh2 Rxc7 26. Qd8+ Kg7 27. Qxc7 Qe1 28. Rxf7+ Kh6 29. Rxh7+ Kg5 30. Qe7+ Kf5 31. Qf6+ Ke4 32. Qxg6+ Kxd4 33. Qg4+ Kd3 34. Qf3 Kd2 35. h4 Bg1+ 36. Kh3 Qxe5 37. Rh5 Qh2+ 38. Kg4 Be3 39. g3 d4 40. Re5 Qg1 41. Rxe6 Qc1 42. Qxb7 Qxa3 43. Qg2+ Kd3 44. Kf3 Qa4 45. Qe2+ Kc3 46. Ra6 Qd7 47. Ra3+ Kxb4 48. Qb2+ Kc4 49. Qc2+ Kd5 50. Ra5+ Kd6 51. Qg6+ 1-0

[Event "NB2 Toth Laszlo csoport"]
[Site "Gyula"]
[Date "2024.12.15"]
[Round "4.6"]
[White "Jako, Robert"]
[Black "Csala, Imre"]
[Result "1/2-1/2"]
[WhiteElo "1865"]
[BlackElo "2011"]
[PlyCount "118"]
[GameId "2123390394619318"]
[EventDate "2024.11.03"]
[EventType "team-tourn"]
[EventRounds "9"]
[EventCountry "HUN"]
[Source "chess.hu"]
[WhiteTeam "Gyulai SE"]
[BlackTeam "Neumann J. Egyetem"]
[WhiteTeamCountry "HUN"]
[BlackTeamCountry "HUN"]

1. d4 Nf6 2. Nf3 e6 3. c4 Bb4+ 4. Bd2 a5 5. a3 Bxd2+ 6. Nbxd2 d6 7. e3 Qe7 8. Be2 e5 9. dxe5 dxe5 10. Qc2 c5 11. Ne4 Nc6 12. Rd1 Nxe4 13. Qxe4 O-O 14. O-O Kh8 15. Qc2 e4 16. Nd2 Bf5 17. Nb1 Ne5 18. Nc3 Ng6 19. Rd5 Be6 20. Rh5 f5 21. f3 exf3 22. Rxf3 h6 23. Bd3 Ne5 24. Rfh3 Rf6 25. Bxf5 Rxf5 26. Rxf5 Bxf5 27. Qxf5 Nxc4 28. Nd5 Qe5 29. Qxe5 Nxe5 30. e4 c4 31. a4 Rc8 32. Rc3 Rc6 33. h3 Kh7 34. Kh2 h5 35. Ne3 h4 36. Kg1 g6 37. Kf1 Kh6 38. Ke2 Kg5 39. Nd5 Nd3 40. b3 Ne5 41. bxc4 Rxc4 42. Rxc4 Nxc4 43. Kd3 Nb2+ 44. Kd4 Nxa4 45. e5 Kf5 46. Ne7+ Kg5 47. Ng8 Nb6 48. e6 Nc8 49. e7 Nd6 50. Kd5 Ne8 51. Ke6 a4 52. Kf7 Nc7 53. Nf6 a3 54. Nd5 a2 55. Nxc7 a1=Q 56. Ne6+ Kf5 57. Ng7+ Kf4 58. e8=Q Qa2+ 59. Ne6+ Kg3 1/2-1/2

[Event "NB2 Toth Laszlo csoport"]
[Site "Gyula"]
[Date "2024.12.15"]
[Round "4.7"]
[White "Talmacsi, Jozsef"]
[Black "Cretu, Sorin-Alexandru"]
[Result "1-0"]
[WhiteElo "2000"]
[BlackElo "1811"]
[PlyCount "51"]
[GameId "2123390486746578"]
[EventDate "2024.11.03"]
[EventType "team-tourn"]
[EventRounds "9"]
[EventCountry "HUN"]
[Source "chess.hu"]
[WhiteTeam "Neumann J. Egyetem"]
[BlackTeam "Gyulai SE"]
[WhiteTeamCountry "HUN"]
[BlackTeamCountry "HUN"]

1. d4 Nf6 2. Nf3 e6 3. g3 c5 4. Bg2 cxd4 5. Nxd4 Nc6 6. O-O Bc5 7. Nb3 Bb6 8. c4 d6 9. Nc3 a6 10. Bf4 Bc7 11. e4 Qe7 12. Rc1 O-O 13. Qe2 Rb8 14. Rfd1 b6 15. a3 Bb7 16. Rd2 Rfe8 17. Qd1 Rbd8 18. Qc2 h6 19. f3 b5 20. cxb5 Bb6+ 21. Kh1 axb5 22. Qd3 Ne5 23. Qxb5 Ba7 24. Bxe5 dxe5 25. Rxd8 Qxd8 26. Qxb7 1-0

[Event "NB2 Toth Laszlo csoport"]
[Site "Gyula"]
[Date "2024.12.15"]
[Round "4.8"]
[White "Gurzo, Bence Bendeguz"]
[Black "Szili, Istvan"]
[Result "0-1"]
[WhiteElo "1789"]
[BlackElo "1962"]
[PlyCount "72"]
[GameId "2123390523397602"]
[EventDate "2024.11.03"]
[EventType "team-tourn"]
[EventRounds "9"]
[EventCountry "HUN"]
[Source "chess.hu"]
[WhiteTeam "Gyulai SE"]
[BlackTeam "Neumann J. Egyetem"]
[WhiteTeamCountry "HUN"]
[BlackTeamCountry "HUN"]

1. f4 d5 2. Nf3 c5 3. g3 Nf6 4. Bg2 g6 5. d3 Bg7 6. O-O O-O 7. Qe1 Nc6 8. e4 dxe4 9. dxe4 e5 10. Na3 Re8 11. Nh4 exf4 12. gxf4 Nxe4 13. Kh1 f5 14. Nc4 Nd4 15. Ne3 Bd7 16. c3 Nb5 17. Bxe4 Rxe4 18. Qg3 Bc6 19. Kg1 Qe7 20. Nf3 Rxe3 21. Bxe3 Qxe3+ 22. Rf2 Bxf3 23. Qxf3 Qxf3 24. Rxf3 Rd8 25. a4 Nc7 26. Rf2 Rd3 27. Rc1 Nd5 28. Rcc2 Kf7 29. Rcd2 Nxf4 30. Rxd3 Nxd3 31. Rd2 c4 32. Kf1 Bh6 33. Rd1 Ke6 34. Ke2 b6 35. b4 Bg7 36. Kd2 f4 0-1

[Event "NB2 Toth Laszlo csoport"]
[Site "Gyula"]
[Date "2024.12.15"]
[Round "4.9"]
[White "Bagi, Lajos"]
[Black "Banyai, Istvan"]
[Result "1/2-1/2"]
[WhiteElo "1817"]
[BlackElo "1945"]
[PlyCount "105"]
[GameId "2123390564005362"]
[EventDate "2024.11.03"]
[EventType "team-tourn"]
[EventRounds "9"]
[EventCountry "HUN"]
[Source "chess.hu"]
[WhiteTeam "Neumann J. Egyetem"]
[BlackTeam "Gyulai SE"]
[WhiteTeamCountry "HUN"]
[BlackTeamCountry "HUN"]

1. Nf3 d5 2. g3 Nf6 3. Bg2 e6 4. O-O Nbd7 5. d4 Be7 6. c4 O-O 7. Qc2 c6 8. Nc3 Re8 9. Rd1 h6 10. b3 Bf8 11. Bb2 a6 12. Rac1 Bd6 13. e4 dxe4 14. Nd2 Qe7 15. Ncxe4 Bb8 16. Re1 Qf8 17. Rcd1 a5 18. Qc1 Nxe4 19. Nxe4 f5 20. Ba3 Qf7 21. Nd6 Bxd6 22. Bxd6 Kh7 23. d5 cxd5 24. cxd5 exd5 25. Rxe8 Qxe8 26. Qc2 Nf6 27. Bxd5 Nxd5 28. Rxd5 Qe1+ 29. Kg2 Qe6 30. Qd2 Bd7 31. Re5 Bc6+ 32. f3 Qf6 33. Bc7 a4 34. Ra5 Rxa5 35. Bxa5 axb3 36. axb3 Qe6 37. Qd3 Bd5 38. b4 Bc4 39. Qd4 Qe2+ 40. Qf2 Qd1 41. Bb6 g5 42. h3 g4 43. hxg4 fxg4 44. Qe3 gxf3+ 45. Kh2 Qc2+ 46. Qf2 Be2 47. Qc5 Bc4+ 48. Qf2 Qe4 49. Qd4 Qe6 50. Qe3 Qxe3 51. Bxe3 Kg6 52. Kg1 h5 53. Kf2 1/2-1/2

[Event "NB2 Toth Laszlo csoport"]
[Site "Gyula"]
[Date "2024.12.15"]
[Round "4.10"]
[White "Balogh, Borbala"]
[Black "Egyed, Endre"]
[Result "1/2-1/2"]
[WhiteElo "1706"]
[BlackElo "1718"]
[PlyCount "42"]
[GameId "2123390605354498"]
[EventDate "2024.11.03"]
[EventType "team-tourn"]
[EventRounds "9"]
[EventCountry "HUN"]
[Source "chess.hu"]
[WhiteTeam "Gyulai SE"]
[BlackTeam "Neumann J. Egyetem"]
[WhiteTeamCountry "HUN"]
[BlackTeamCountry "HUN"]

1. Nf3 Nf6 2. g3 d5 3. Bg2 c5 4. d3 Nc6 5. Nbd2 h6 6. O-O e5 7. e4 Be6 8. h3 Bd6 9. Kh2 Qd7 10. Ne1 g5 11. b3 O-O-O 12. c3 Kb8 13. Nc2 d4 14. c4 Ne8 15. Qe2 f5 16. exf5 Bxf5 17. Ne4 Be7 18. Re1 Nf6 19. Nxf6 Bxf6 20. Ba3 g4 21. Qf1 gxh3 1/2-1/2